000 01561nam0a22003131 4500
001 rc\3729904
005 20250610104801.0
021 _aRU
_b[74-28656]
035 _a(NLR Aleph) 007865371
090 _a7823108
_c7823108
100 _a20130115d1974 |||y0rusy50 ca
101 0 _arus
102 _aRU
105 _ay z |||||
200 1 _aНекоторые вопросы физико-технологической надежности радиоэлектронной аппаратуры
_eУчеб. пособие по основам надежности РЭА
_fМ-во высш. и сред. спец. образования РСФСР. Ленингр. электротехн. ин-т им. В.И. Ульянова (Ленина)
210 _aЛенинград
_c[ЛЭТИ]
_d1974
215 _a46 с.
_cграф.
_d19
300 _aПеред загл. авт.: В.И. Смирнов, Б.П. Панушкин, Л.М. Фомич
320 _aСписок лит.: с. 44-45 (18 назв.)
606 _aРадиоэлектронная аппаратура
_xНадежность
_2psbo
700 1 _4070
_7ca
_8rus
_aСмирнов
_bВ. И.
_cд-р техн. наук, электроника
_f1912-1982
_gВениамин Иванович
_9241040
_3RU\NLR\AUTH\770241096
701 1 _aПанушкин
_bБ.П.
_gБорис Павлович
701 1 _aФомич
_bЛ.М.
_gЛеонид Михайлович
801 0 _aRU
_bNLR
_gpsbo
801 1 _aRU
_bELAR
_2rusmarc
852 _aNLR
_j74-4/6002
942 _cBOOK
980 _aNB